Celebrity Names Unscramble - Statistics

General Stats
  • This quiz has been taken 80 times
  • The average score is 11 of 20
Answer Stats
Hint Known For Answer % Correct
ADYNWE NHJSNON Acting/Athlete Dwayne Johnson
87%
LIBILE SLIEIH Music Billie Eilish
77%
INKCI JMAIN Music Nicki Minaj
77%
RHSIC NBORW Music Chris Brown
75%
LEIMY UCSYR Music Miley Cyrus
73%
LEMILI YBYOB WBNOR Acting Millie Bobby Brown
68%
NJYHON PDPE Acting Johnny Depp
66%
ONJHA LHLI Acting Jonah Hill
65%
NKFAR CAEON Music Frank Ocean
63%
IECMLHA ODNRJA Athlete Michael Jordan
58%
ETGRI DOWSO Athlete Tiger Woods
58%
HWSAN DMSNEE Music Shawn Mendes
56%
SANVESNA DNUGSHE Acting Vanessa Hudgens
48%
ULESRSL LNIWOS Athlete Russell Wilson
44%
DYESYN WEYSENE Acting Sydney Sweeney
44%
VTISRA TCOST Music Travis Scott
44%
CERYB PAHERR Athlete Bryce Harper
37%
IALM INSUK Acting Mila Kunis
32%
SEJES BESGEIREN Acting Jesse Eisenberg
28%
YREKI GIIVRN Athlete Kyrie Irving
25%
No matching quizzes found
Score Distribution
Percent of People with Each Score
Percentile by Number Answered
Your Score History
You have not taken this quiz